00417 2200169 4500001002100000008004100021035002000062245003500082100001900117260002400136300001800160020002200178084001400200082000800214650001000222990001500232INLIS000000000003253 ind  a0010-1225000074 aRatu KalinyamatcSetyo Wardoyo aWardoyo, Setyo aJakarta :bGramedia a482c14x21 cm a978-602-05-3129-8 a813 WAR r a813 aFiksi a19728/B/26